Culture Générale - Série 2688 - Statistiques

Statistiques générales
  • Ce quiz a été pris 115 fois
  • Le résultat moyen est 5 sur 10
Statistiques - réponses
Question Réponse % Correct
Quel professionnel médical utilise couramment une fraise dans son travail ? dentiste
90%
Dans quel pays le petit état de Saint-Marin est-il enclavé ? Italie
87%
Quel animal trouve-t-on sur le logo de l'organisation World Wide Fund for Nature ? panda
87%
Sur le drapeau de quel pays africain peut-on voir en son centre un bouclier et deux lances croisées ? Kenya
62%
Quel est le plus petit os du corps humain ? étrier
60%
Quel est le prénom de la fiancée de Popeye ? Olive
44%
Pour quel pays la chanteuse Loreen a-t-elle remporté deux fois l'Eurovision en 2012 et 2023 ? Suède
41%
Quelle était la nationalité de Jeanne-Paule Marie "Jeannine" Deckers (1933-1985) alias "Soeur Sourire" ? belge
35%
Action de lisser une matière sur son support, afin de chasser toutes les bulles d'air qui pourraient rester maroufler
15%
Quelle ville française est considérée comme la capitale du parapluie ? Aurillac
11%
Aucun quiz correspondant
Distribution des résultats
% des personnes avec chaque résultat
Percentile par nombre de réponses
Votre historique - résultats
Vous n’avez pas pris ce quiz